000 00402nam a2200181Ia 4500
001 12975
005 20260306163020.0
008 260306t1978||||xx |||||||||||||| ||spa||
041 _aESP
082 _aRD 498.51
_bL25
100 _aJara, Jesús
_eAUT
245 0 _aDiccionario
260 _c1978
300 _a422 páginas :
_ccm.
650 _aGEN
654 _aCHU
942 _cDIC
_dJUS
_fJUS
_2ddc
_n
999 _c12975
_d12975